000 00740cam a2200229 4500
001 M86469
008 090401t1997 xxu||||| |||| 00| 0 eng d
035 _a(Sirsi) u80885
041 _aeng
050 _a380.1
_c18
110 _aRoyal Institution of Chartered Surveyors
_94900
245 _aDraft guidance notes for auctioneers proposing to sell real estate at public auction in England and Wales
260 _aLondon
_bRICS
_c1997
300 _a9p.
_c30cm.
520 _aSuperseded by second edition (ISBN 0854068635).
650 _aAuctioneering
_96218
650 _aPUBLIC AUCTIONS
690 _aPROPERTY LAW AND PRACTICE
710 _aIncorporated Society of Valuers and Auctioneers
_91201
942 _n0
948 _c15/09/1997
999 _c96652
_d96652